Two-Word Capital Cities - Statistics

General Stats
  • This quiz has been taken 175 times
  • The average score is 21 of 25
Answer Stats
Country Capital % Correct
Mexico Mexico City
98%
Argentina Buenos Aires
97%
Panama Panama City
96%
Kuwait Kuwait City
95%
San Marino San Marino
94%
Vatican City Vatican City
94%
Guatemala Guatemala City
93%
Malaysia Kuala Lumpur
93%
India New Delhi
93%
United Arab Emirates Abu Dhabi
90%
Ethiopia Addis Ababa
90%
Bolivia La Paz
90%
El Salvador San Salvador
90%
South Africa Cape Town
88%
Costa Rica San José
88%
Dominican Republic Santo Domingo
86%
São Tomé and Príncipe São Tomé
84%
Cambodia Phnom Penh
82%
Papua New Guinea Port Moresby
76%
Grenada Saint George's
72%
Benin Porto-Novo
71%
Antigua and Barbuda Saint John's
68%
Mauritius Port Louis
65%
Vanuatu Port Vila
65%
Kiribati South Tarawa
53%
No matching quizzes found
Score Distribution
Percent of People with Each Score
Percentile by Number Answered
Your Score History
You have not taken this quiz